| 000 | 00512nam a2200205Ia 4500 | ||
|---|---|---|---|
| 008 | 210210b2009 xxu||||| |||| 00| 0 eng d | ||
| 020 | _a9788178299082 | ||
| 041 | _aeng | ||
| 082 | _a658.42 NANU | ||
| 100 | _aNANDAN (Raghu) | ||
| 245 | _aUnleashing your entrepreneurial potential | ||
| 260 |
_aLos Angeles _bResponse Books _c2009 |
||
| 300 | _axvi,353 | ||
| 650 | _ayour | ||
| 650 | _aUnleashing | ||
| 650 | _apotential | ||
| 650 | _aentrepreneurial | ||
| 690 | _aEntrepreneurship | ||
| 906 | _a064987 | ||
| 999 |
_c141675 _d141675 |
||